Memòries / Josep Puig i Cadafalch ; edició a cura de Núria Mañé i Josep Massot i Muntaner
ISBN:
84-8415-512-9
Descripción Física:
412 p. ; 21 cm
Colección:
Biblioteca Abat Oliva ; 252
MARC
| LEADER | 00000nam a2200000Ia 4500 | ||
|---|---|---|---|
| 001 | 15771 | ||
| 008 | 160829s2003 xx 000 0 cat d | ||
| 020 | |a 84-8415-512-9 | ||
| 080 | |a B-2-38 | ||
| 100 | |a Puig i Cadafalch, Josep, |d 1867-1956 |9 20980 | ||
| 245 | |a Memòries / Josep Puig i Cadafalch ; edició a cura de Núria Mañé i Josep Massot i Muntaner | ||
| 260 | |a Barcelona : |b Publicacions de l'Abadia de Montserrat, |c 2003 | ||
| 300 | |a 412 p. ; |c 21 cm | ||
| 490 | |a Biblioteca Abat Oliva ; 252 | ||
| 590 | |a Referències bibliogràfiques. | ||
| 590 | |a Índex | ||
| 600 | 0 | |a Puig i Cadafalch, Josep, |d 1867-1956 |9 20980 | |
| 650 | |a Arquitectes |x Catalunya |x Biografia |9 37383 | ||
| 650 | 0 | |a Polítics |z Catalunya |v Biografia |9 33087 | |
| 700 | |a Mañé, Núria, ed. |9 37384 | ||
| 700 | |a Massot i Muntaner, Josep, ed. |9 37385 | ||
| 901 | |a Arxiu | ||
| 942 | |n 1 | ||
| 952 | |0 0 |1 0 |4 0 |6 B238 |7 1 |9 47835 |a Arxiu |b Arxiu |d 2016-12-01 |l 0 |o B-2-38 |p 15771 |r 2016-12-01 00:00:00 |w 2016-12-01 |y ARXIU | ||
| 999 | |c 51634 |d 51634 | ||